[Event "GER-ch Net blitz qual3"]
[Site "Playchess.com INT"]
[Date "2020.03.21"]
[Round "5"]
[White "Boerger, Andreas"]
[Black "Spieker, Hans Joachim"]
[Result "1-0"]
[WhiteElo "1613"]
[BlackElo "1829"]
[PlyCount "99"]
[EventDate "2020.03.21"]
[EventType "swiss (blitz)"]
[EventRounds "9"]
[EventCountry "GER"]
[SourceTitle "CBM 195 Extra"]
[Source "ChessBase"]
[SourceDate "2020.05.31"]
[SourceVersion "1"]
[SourceVersionDate "2020.05.31"]
[SourceQuality "1"]

1. e4 c5 2. c3 d5 3. exd5 Qxd5 4. d4 Nf6 5. Nf3 cxd4 6. cxd4 e6 7. Nc3 Bb4 8. Be2 0-0 9. 0-0 Qd8 10. Be3 a6 11. h3 b5 12. a3 Be7 13. Rc1 Bb7 14. Bf4 Nbd7 15. Ne5 Nd5 16. Nxd5 Bxd5 17. Nc6 Bxc6 18. Rxc6 Nf6 19. Be5 Rc8 20. Rxc8 Qxc8 21. Qd2 Rd8 22. Rc1 Qd7 23. Qc3 Nd5 24. Qc6 h6 25. Qxa6 b4 26. Bb5 Nc7 27. Rxc7 Qd5 28. Rxe7 Qe4 29. Re8+ Rxe8 30. Bxe8 Qb1+ 31. Kh2 Qxb2 32. axb4 Qxb4 33. Qd6 Qd2 34. Qc7 Kh7 35. Qxf7 Qg5 36. Qxe6 h5 37. Bc6 h4 38. Be4+ g6 39. Qf6 Qxf6 40. Bxf6 Kh6 41. Bxh4 Kh5 42. Bg3 g5 43. f4 gxf4 44. Bxf4 Kh4 45. d5 Kh5 46. d6 Kh4 47. d7 Kh5 48. Bf5 Kh4 49. d8Q+ Kh5 50. Qg5# 1-0

[Event "Muensterland Verbandsliga 1718"]
[Site "Germany"]
[Date "2018.04.14"]
[Round "8.6"]
[White "Esser, Peter"]
[Black "Boerger, Andreas"]
[Result "1/2-1/2"]
[WhiteElo "1749"]
[BlackElo "1774"]
[PlyCount "78"]
[EventDate "2017.09.09"]
[EventType "team-tourn"]
[EventRounds "9"]
[EventCountry "GER"]
[SourceTitle "EXT 2019"]
[Source "ChessBase"]
[SourceDate "2018.10.10"]
[SourceVersion "1"]
[SourceVersionDate "2018.10.10"]
[SourceQuality "1"]
[WhiteTeam "Telgte"]
[BlackTeam "Muenster SK IV"]
[WhiteTeamCountry "GER"]
[BlackTeamCountry "GER"]

1. d4 d5 2. c4 c6 3. Nf3 Nf6 4. e3 g6 5. Bd3 Bg7 6. Qc2 Na6 7. a3 Nc7 8. b3 Bg4 9. Ne5 Qc8 10. 0-0 Bf5 11. Nd2 Bxd3 12. Qxd3 Nd7 13. Nxd7 Qxd7 14. Bb2 Rd8 15. Nf3 dxc4 16. Qxc4 0-0 17. Rac1 Qd5 18. Rc2 Ne6 19. Rfc1 Qf5 20. Qe2 Ng5 21. Nxg5 Qxg5 22. Rc5 Qh4 23. a4 Qe4 24. Qc2 Qe6 25. h3 f5 26. Qc4 Qxc4 27. R5xc4 Rd5 28. Ba3 Re8 29. f4 Bf8 30. Bc5 a6 31. a5 e6 32. b4 Be7 33. g3 Bd8 34. Kf2 Kf7 35. Kf3 Rg8 36. h4 h6 37. R4c2 Rd7 38. Rh2 Bf6 39. g4 Bd8 1/2-1/2

[Event "Muensterland Verbandsliga 1617"]
[Site "Germany"]
[Date "2016.09.10"]
[Round "1.6"]
[White "Boerger, Andreas"]
[Black "Fehlings, Gerd"]
[Result "1-0"]
[WhiteElo "1782"]
[BlackElo "1753"]
[PlyCount "109"]
[EventDate "2016.09.10"]
[EventType "team"]
[EventRounds "9"]
[EventCountry "GER"]
[SourceTitle "EXT 2018"]
[Source "ChessBase"]
[SourceDate "2017.10.13"]
[SourceVersion "1"]
[SourceVersionDate "2017.10.13"]
[SourceQuality "1"]
[WhiteTeam "Muenster SK IV"]
[BlackTeam "Emsdetten Rochade II"]
[WhiteTeamCountry "GER"]
[BlackTeamCountry "GER"]

1. e4 e6 2. Qe2 Be7 3. c4 c5 4. Nc3 Nc6 5. Nf3 d6 6. d3 Nf6 7. h3 a6 8. g3 Rb8 9. Bg2 0-0 10. 0-0 Nd4 11. Nxd4 cxd4 12. Nd1 b5 13. b3 bxc4 14. dxc4 e5 15. Nb2 Bd7 16. Bd2 Qc8 17. Kh2 Bc6 18. Nd3 Qb7 19. Rfe1 Nd7 20. f4 f6 21. Rab1 Nc5 22. Nb4 Rfc8 23. Nd5 Bxd5 24. exd5 Qc7 25. b4 Na4 26. c5 dxc5 27. Qxa6 Qd7 28. fxe5 fxe5 29. Rxe5 c4 30. Rxe7 Qxe7 31. Qxa4 c3 32. Bf4 c2 33. Rc1 Rxb4 34. Qa6 Rbc4 35. d6 Qf7 36. Qb7 R4c5 37. d7 Rd8 38. Qb6 Qxd7 39. Qxc5 d3 40. Bd2 Qe6 41. Qg5 Rd7 42. a4 h6 43. Qf4 Rf7 44. Qe3 Qd6 45. Re1 Rf8 46. a5 Rd8 47. Bb7 h5 48. a6 Qc7 49. Qe6+ Kh8 50. Qg6 Qc5 51. Re8+ Rxe8 52. Qxe8+ Kh7 53. Be4+ g6 54. Qf7+ Kh8 55. Bxg6 1-0

[Event "Muensterland Verbandsliga 1415"]
[Site "Germany"]
[Date "2015.05.09"]
[Round "9.6"]
[White "Boerger, Andreas"]
[Black "Kuhlenbaeumer, Alfred"]
[Result "1/2-1/2"]
[WhiteElo "1799"]
[BlackElo "1821"]
[PlyCount "89"]
[EventDate "2014.09.06"]
[EventType "team-tourn"]
[EventRounds "9"]
[EventCountry "GER"]
[SourceTitle "EXT 2016"]
[Source "ChessBase"]
[SourceDate "2015.10.08"]
[SourceVersion "1"]
[SourceVersionDate "2015.10.08"]
[SourceQuality "1"]
[WhiteTeam "Muenster IV"]
[BlackTeam "Telgte"]
[WhiteTeamCountry "GER"]
[BlackTeamCountry "GER"]

1. c4 b6 2. Nc3 Bb7 3. e4 e6 4. Qe2 Nc6 5. Nf3 Bb4 6. d4 Qf6 7. Bg5 Qg6 8. Qe3 f6 9. Bh4 Nh6 10. Bd3 0-0 11. 0-0 Ng4 12. Qe2 Bxc3 13. bxc3 e5 14. Bg3 Nh6 15. Nh4 Qf7 16. d5 Na5 17. f4 Qe7 18. f5 Ba6 19. Bf2 Nb7 20. h3 Nc5 21. Bc2 Rae8 22. a4 c6 23. Rfd1 cxd5 24. Rxd5 Bb7 25. Bxc5 bxc5 26. Rdd1 Rb8 27. Rdb1 Bc6 28. g4 Rfd8 29. Kf2 Qe8 30. Qe3 d6 31. g5 Qh5 32. gxh6 Qxh4+ 33. Ke2 Be8 34. Rg1 Bh5+ 35. Kd3 g6 36. Bd1 Bxd1 37. Raxd1 g5 38. Rg4 Qxh6 39. h4 Rb2 40. hxg5 Qh2 41. gxf6+ Kh8 42. Rc1 Rf8 43. Rgg1 Rxf6 44. Rh1 Qg2 45. Rhg1 1/2-1/2

[Event "Muensterland Verbandsklasse 1314"]
[Site "Germany"]
[Date "2014.02.08"]
[Round "6.5"]
[White "Wehmschulte, Philipp"]
[Black "Boerger, Andreas"]
[Result "1/2-1/2"]
[WhiteElo "1592"]
[BlackElo "1801"]
[PlyCount "59"]
[EventDate "2013.09.21"]
[EventType "team-tourn"]
[EventRounds "9"]
[EventCountry "GER"]
[SourceTitle "EXT 2015"]
[Source "ChessBase"]
[SourceDate "2014.11.20"]
[SourceVersion "1"]
[SourceVersionDate "2014.11.20"]
[SourceQuality "1"]
[WhiteTeam "Ahaus Wessum II"]
[BlackTeam "Muenster SK IV"]
[WhiteTeamCountry "GER"]
[BlackTeamCountry "GER"]

1. e4 e6 2. d4 d5 3. exd5 exd5 4. c4 Nf6 5. Bg5 Be7 6. Nc3 dxc4 7. Bxc4 0-0 8. Nf3 Bg4 9. 0-0 Nc6 10. d5 Ne5 11. Be2 Ng6 12. Bxf6 Bxf6 13. h3 Bd7 14. Qb3 Qc8 15. Ne4 Be5 16. Nxe5 Nxe5 17. Qg3 Ng6 18. Rac1 c6 19. dxc6 Bxc6 20. Bb5 Qe6 21. Bxc6 bxc6 22. Nc3 Rad8 23. Rfe1 Qd6 24. Qxd6 Rxd6 25. Rcd1 Rxd1 26. Rxd1 f6 27. Rd7 Rf7 28. Rd8+ Rf8 29. Rd7 Rf7 30. Rd8+ 1/2-1/2

[Event "Muensterland Verbandsliga 0809"]
[Site "Germany"]
[Date "2009.04.25"]
[Round "9.6"]
[White "Althoff, Ralph"]
[Black "Boerger, Andreas"]
[Result "1/2-1/2"]
[WhiteElo "1734"]
[BlackElo "1835"]
[PlyCount "59"]
[EventDate "2008.09.20"]
[EventType "team-tourn"]
[EventRounds "9"]
[EventCountry "GER"]
[SourceTitle "EXT 2010"]
[Source "ChessBase"]
[SourceDate "2010.11.25"]
[SourceVersion "1"]
[SourceVersionDate "2010.11.25"]
[SourceQuality "1"]
[WhiteTeam "Olfen"]
[BlackTeam "Muenster SK II"]
[WhiteTeamCountry "GER"]
[BlackTeamCountry "GER"]

1. e4 e6 2. d4 d5 3. e5 c5 4. c3 Nc6 5. Nf3 cxd4 6. cxd4 Bb4+ 7. Nc3 f5 8. Bd3 Nge7 9. 0-0 0-0 10. Na4 Ng6 11. Bd2 Be7 12. Rc1 Nh4 13. Nxh4 Bxh4 14. g3 Be7 15. Be3 Qe8 16. Nc5 Kh8 17. Qa4 Bxc5 18. Rxc5 Bd7 19. Qd1 Rc8 20. a3 h6 21. b4 a6 22. Qc2 g5 23. f4 g4 24. Rc1 h5 25. Qb2 b5 26. a4 Na7 27. Rxc8 Nxc8 28. Qe2 Nb6 29. axb5 axb5 30. Rc5 1/2-1/2